000 01636cam a22004454i 4500
003 PE-LiUPU
005 20250731184521.0
008 150617s r 000 0 d
040 _aPE-LiUPU
_bspa
_cPE-LiUPU
_erda
049 _aPRUA
082 0 4 _a918.508
_bD419
_221
245 0 0 _aDepartamento de San Martín /
_cPedro Felipe Cotázar, director.
250 _aNovena edición actualizada.
264 1 _aLima :
_bIOPPE,
_c1986.
300 _a159 páginas ;
_c20 cm.
336 _atext
_2rdacontent
337 _aunmediated
_2rdamedia
338 _avolume
_2rdacarrier
490 0 _aDocumental del Perú. Enciclopedia Nacional Básica ;
_v22
505 0 _aEl Huallaga Central -- El "Mijano" -- La carretera Marginal de la Selva -- Ciudades -- Los techos selvéticos -- Platos típicos -- Los Lamistas -- Calendario de Fiestas -- Arqueología -- El gran Pajatén -- Pucullo y los Pinchudos -- Síntesis histórica -- Zonas agrícolas -- El tabaco -- Dos grandes males -- Las provincias.
526 _aP136
526 _aP135
526 _aP134
526 _aP133
526 _aP144
526 _aP143
526 _aP87
526 _aP35
526 _aP20
526 _aP14
526 _aP10
526 _aP06
650 1 4 _aSan Martín (Perú : Departamento)
_xDescripciones y viajes.
700 1 _aCortázar, Pedro Felipe,
_edirector.
910 _ajck
942 _2ddc
_cBK
949 _a985.008
_wDEWEY
_c1
_i27743
_lCCODEBUL1
_mBUL
_p00.00
_r0
_sY
_tBOOK
_u2015-04-22
_xEDUCACION
_zUNKNOWN
_0COMPRA
_o.STAFF. Colección General
980 _81
_gALBERTO SANCHEZ Responsable de Automatización
999 _c18446
_d18446